| 000 | 00743nam a2200193 i 4500 | ||
|---|---|---|---|
| 001 | 180440 | ||
| 003 | ES-MaACL | ||
| 005 | 20230906221109.0 | ||
| 008 | 120604s1970 sp |||| | spa d | ||
| 080 | _a575.1(043.2) | ||
| 100 | 1 |
_aMensua Fernández, J. L. _980382 |
|
| 245 | 1 | 0 |
_aEstudio genético de la variabilidad de un carácter que se manifiesta según un modelo / _cpor José Luis Mensua Fernández. |
| 260 |
_aBarcelona : _bEstudio sobre los espacios-tiempos del tipo de Kerr-Schild [Texto impreso], _c1970. |
||
| 300 |
_a23 p. : _bgráf. ; _c24 cm. |
||
| 502 | _aResumen de tesis--Universidad Barcelona. | ||
| 650 | 0 | 4 |
_aHerencia (Biología) _913323 |
| 710 | 2 |
_aUniversidad de Barcelona. _97141 |
|
| 852 |
_aES-MaACL _jE-15362(35) |
||
| 999 |
_c180440 _d180440 |
||